000 00927nam a2200265Ia 4500
003 OSt
005 20220923211223.0
006 a|||||r|||| 00| 0
007 ta
008 220922b |||||||| |||| 00| 0 hin d
020 _a9788170169024 (hbk)
_c895
024 _a272,852
037 _b23062, 16/08/2013, Kitab Ghar
_cTextual
040 _aARTS
_cARTS
_bhin
041 _2hin
_ahin
082 _aR6,94, 152N3;Q1
100 _aसिंहल, भारतेन्दु प्रकाश
_9159912
245 0 _aमॉं की पुकार
246 _aMaॉan kī pukāra
260 _aनई दिल्ली
_b किताब घर
_c2011
300 _a656पृ.
_ccm.
650 _aभारतीय दर्शन
942 _hR6,94, 152N3;Q1
_cTEXL
_2CC
999 _c297190
_d297190